Lord of the Rings: Quotes - Statistics

General Stats
  • This quiz has been taken 34 times
  • The average score is 13 of 20
Answer Stats
Quote Who said it
... to whom
% Correct
Frodo
97%
I would have gone with you to the end, into the very fires of Mordor. Aragorn
90%
Be silent! Keep your forked tongue behind your teeth. Gandalf
90%
Remember today, little brother. Today, life is good. Boromir
80%
Faramir
80%
Your hands are cold. The life of the Eldar is leaving you. Elrond
77%
Grima
77%
Only, you've never done a hard day's work. Merry
77%
Pippin
77%
Arwen
73%
Let him go, you filth! You will not touch him again! Sam
70%
Shall I describe it to you? Or would you like me to find you a box? Legolas
67%
Gimli
63%
Whom do you serve? Saruman
60%
Gollum
50%
Shelob
47%
Leave now and never come back. Smeagol
47%
Eowyn
40%
I know your face. Theoden
40%
Lurtz
27%
No matching quizzes found
Score Distribution
Percent of People with Each Score
Percentile by Number Answered
Your Score History
You have not taken this quiz